| 000 | 00842cam a2200253 a 4500 | ||
|---|---|---|---|
| 001 | 16988362 | ||
| 005 | 20201128021243.0 | ||
| 008 | 111004t2012 maua frb 001 0 eng d | ||
| 020 | _a9780123850010 | ||
| 040 |
_aDLC _beng _cDLC _dYDX _dYDXCP _dCDX _dDLC _dEG-ScBUE |
||
| 082 | 0 | 4 |
_a620.1126 _bSUN _222 |
| 100 | 1 |
_aSun, C. T. _q(Chin-Teh), _d1939- _96529 |
|
| 245 | 1 | 0 |
_aFracture mechanics / _cC. T. Sun, Z.-H. Jin. |
| 260 |
_aWaltham, United States ; _aOxford : _bAcademic Press / Elsevier, _cc.2012. |
||
| 300 |
_axvii, 311 p. : _bill. ; _c24 cm. |
||
| 500 | _aIndex : p. 295-311. | ||
| 500 | _aIncludes appendices. | ||
| 504 | _aIncludes bibliographical references. | ||
| 650 | 7 |
_aFracture mechanics. _2BUEsh _92778 |
|
| 653 |
_bENGGEN _cMay2015 |
||
| 655 |
_vreading book _934232 |
||
| 700 | 1 |
_aJin, Z.-H _937939 |
|
| 942 |
_2ddc _k620.1126 SUN |
||
| 999 |
_c19303 _d19275 |
||